000 nam a22 7a 4500
999 _c52223
_d52223
003 OSt
005 20220611162117.0
008 220611b xxu||||| |||| 00| 0 eng d
040 _cIIMT UNIVERSITY MEERUT
100 _aSASTRI , HARISADASIVA / HIMADRI
245 _aASTANGA HRDAYAM
250 _a1 ST
260 _aVARANASI
_bCHAUKHAMBA
_c2022
300 _a956
942 _2ddc
_c01